Central-Library-PUMHS

Online Public Access Catalogue

Welcome to PUMHS Central Library Nawabshah, SBA

Nutrition and Biochemistry for Nurses (Record no. 32377)

000 -LEADER
fixed length control field 00348nam a22001457a 4500
082 ## - DEWEY DECIMAL CLASSIFICATION NUMBER
Classification number 610.73 VEN
100 ## - MAIN ENTRY--AUTHOR NAME
Personal name Venkatraman (Acc.No:39319 Ref-39320 Ref )
245 ## - TITLE STATEMENT
Title Nutrition and Biochemistry for Nurses
250 ## - EDITION STATEMENT
Edition statement 2nd ed.
260 ## - PUBLICATION, DISTRIBUTION, ETC. (IMPRINT)
Place of publication 2015
Year of publication 2015
300 ## - PHYSICAL DESCRIPTION
Number of Pages 473
490 ## - SERIES STATEMENT
Series statement 2nd ed.
650 ## - SUBJECT ADDED ENTRY--TOPICAL TERM
Topical Term Nursing / Biochemistry
942 ## - ADDED ENTRY ELEMENTS (KOHA)
Koha item type Books
Holdings
Withdrawn status Lost status Permanent Location Current Location Shelving location Date acquired Source of acquisition Cost, normal purchase price Full call number Accession Number Koha item type
    Central Library Main Campus PUMHSW Nawabshah (SBA) Reference Section (PUMHS Central Library) Reference 2019-09-11 M/S Progressive international Bill No 59031339 Date 3/5/2019-17-6-2019 937.90 610.73 VEN 39319 Ref Books
    Central Library Main Campus PUMHSW Nawabshah (SBA) Reference Section (PUMHS Central Library) Reference 2019-09-11 M/S Progressive international Bill No 59031339 Date 3/5/2019-17-6-2019 937.90 610.73 VEN 39320 Ref Books

Copyright © 2018,The PUMHSW, Nawabshah, Shaheed Benazirabad. All rights reserved
Mr. Abdul Sattar Mahar (Chief Librarian) PUMHSW, Nawabshah, Sindh, Pakistan 67480.
Ph#: | 0244-9370425 Ext. 2241 Email| librarian@pumhs.edu.pk Web| http://www.pumhs.edu.pk
سنڌي ڪي بورڊ